LEADER 02485nam 22005653 450 001 9910909268503321 005 20241125084505.0 010 $a9781040306970 010 $a1040306977 010 $a9781003559085 010 $a1003559085 010 $a9781040306987 010 $a1040306985 035 $a(MiAaPQ)EBC31727570 035 $a(Au-PeEL)EBL31727570 035 $a(CKB)36649301100041 035 $a(NjHacI)9936649301100041 035 $a(ScCtBLL)28f9e304-cee0-4b73-a9d3-89fae695df43 035 $a(EXLCZ)9936649301100041 100 $a20241125d2024 uy 0 101 0 $aeng 135 $aurcnu|||||||| 181 $ctxt$2rdacontent 182 $cc$2rdamedia 183 $acr$2rdacarrier 200 10$aChallenges in Information, Communication and Computing Technology $eProceedings of the 2nd International Conference on Challenges in Information, Communication, and Computing Technology (ICCICCT 2024), April 26th and 27th, 2024, Namakkal, Tamil Nadu, India 205 $a1st ed. 210 1$aMilton :$cTaylor & Francis Group,$d2024. 210 4$dİ2025. 215 $a1 online resource (892 pages) 311 08$a9781032901664 311 08$a1032901667 327 $a1. Deep Learning in Healthcare. 2. Cryptography and Security. 3. IoT and Wireless Sensor Networks. 4. Energy and Environment using AI &ML. 5. Artificial Intelligence Applications. 6. Physics and Engineering using Deep Learning & IOT. 7. Emerging Technologies using Deep Learning & IOT. 8. Data Science and Optimization. 9. Social Impact and Applications using AI &ML. 330 $aThis book explores the critical challenges and emerging trends in Information, Communication, and Computing Technology (ICCT). It provides a comprehensive overview of the key issues facing these rapidly evolving fields, from data security and privacy to advancements in artificial intelligence, communication networks, and quantum computing. 606 $aComputer science 606 $aArtificial intelligence 615 0$aComputer science. 615 0$aArtificial intelligence. 676 $a004 701 $aKannadhasan$b S$01741488 701 $aKannan$b A. Rajiv$01776473 701 $aSivakumar$b P$01776474 701 $aVennila$b V$01776475 801 0$bMiAaPQ 801 1$bMiAaPQ 801 2$bMiAaPQ 906 $aBOOK 912 $a9910909268503321 996 $aChallenges in Information, Communication and Computing Technology$94294252 997 $aUNINA